000 01691nam a2200253Ia 4500
008 260220t1977||||xx |||||||||||||| ||spa||
020 _a582780659
040 _aPY-SlUNAC
_bspa
_erda
041 _aspa
082 _a712.5
_bK15l
100 _aKamil, Jill
_eAutor
245 0 _aLuxor :
_ba guide to Ancient Thebes /
_cpor Jill Kamil [Autor]
264 _aNueva York :
_bLongmans,
_c℗1977.
300 _a1 volumen
520 _a"Luxor: A Guide to Ancient Thebes" de Jill Kamil es una obra exhaustiva que explora la rica historia y el patrimonio cultural de Luxor, la antigua Tebas, considerada uno de los centros más emblemáticos de la civilización egipcia. A través de un análisis detallado, Kamil presenta una visión integral de los monumentos, templos y tumbas que conforman este sitio arqueológico, destacando la importancia de lugares icónicos como el Templo de Karnak y el Valle de los Reyes. El libro combina descripciones arquitectónicas con contextos históricos, ofreciendo a los lectores una comprensión profunda de la vida, religión y arte en el antiguo Egipto. Además, Kamil incluye información práctica para los visitantes, haciendo de esta guía una herramienta útil tanto para académicos como para turistas interesados en la arqueología y la historia. En su conjunto, la obra es un testimonio valioso del legado de Tebas y su influencia perdurable en la cultura egipcia y mundial.
653 _aAntiguas civilizaciones
653 _aEgiptología
653 _aTurismo cultural
942 _b2026/02/17
_cBK
999 _c8857
_d8857